Airport Abbreviations - Statistics

General Stats
  • This quiz has been taken 19 times
    9 since last reset
  • The average score is 13 of 23
Answer Stats
Airport Name City Abbreviation % Correct
Miami Int'l Airport Miami MIA
100%
Hartsfield-Jackson Atlanta Int'l Airport Atlanta ATL
83%
Austin-Bergstrom Int'l Airport Austin AUS
83%
Boston Logan Int'l Airport Boston BOS
83%
Denver Int'l Airport Denver DEN
83%
Dallas Fort Worth Int'l Airport Dallas DFW
83%
John F. Kennedy Int'l Airport New York City JFK
83%
Harry Reid Int'l Airport Las Vegas LAS
67%
Los Angeles Int'l Airport Los Angeles LAX
67%
Minneapolis-Saint Paul Int'l Airport Minneapolis MSP
67%
Seattle-Tacoma Int'l Airport Seattle SEA
67%
Phoenix Sky Harbor Int'l Airport Phoenix PHX
50%
San Diego Int'l Airport San Diego SAN
50%
San Francisco Int'l Airport San Francisco SFO
50%
Ronald Reagan Washington Int'l Airport Washington DC DCA
33%
Detroit Metropolitan Wayne County Airport Detroit DTW
33%
George Bush Int'ctl Airport Houston IAH
33%
Chicago O'Hare Int'l Airport Chicago ORD
33%
Philadelphia Int'l Airport Philadelphia PHL
33%
Orlando Int'l Airport Orlando MCO
17%
Milwaukee Mitchell Int'l Airport Milwaukee MKE
17%
Louis Armstrong New Orleans Int'l Airport New Orleans MSY
17%
Tampa Int'l Airport Tampa TPA
17%
No matching quizzes found
Score Distribution
Percent of People with Each Score
Percentile by Number Answered
Your Score History
You have not taken this quiz since the last reset